000
00337 a2200157 4500
001
192918
020
_a
978-85-209-2425-9
040
_c
Magnum
100
_a
Gomes, Dias
240
1
0
_a
O pagador de promessas
_l
por
245
1
0
_a
O pagador de promessas
300
_a
145
362
0
_a
2010
697
_a
LITERATURA GERAL
942
_c
BK
999
_c
192918
_d
192918